ბათუმის შოთა რუსთაველის სახელმწიფო უნივერსიტეტის ბიბლიოთეკა

Исследования в области химии нефти=გამოკვლევები ნავთბის ქიმიაში. (ბიბ.ჩანაწერი № 37305)

000 -LEADER
fixed length control field 00783nam a2200229Ia 4500
001 - CONTROL NUMBER
control field 3264
003 - CONTROL NUMBER IDENTIFIER
control field GE_BSU
008 - FIXED-LENGTH DATA ELEMENTS--GENERAL INFORMATION
fixed length control field 181216s||||||||xx |||||||||||||| ||und||
040 ## - CATALOGING SOURCE
Transcribing agency GE_BSU
080 ## - UNIVERSAL DECIMAL CLASSIFICATION NUMBER
Universal Decimal Classification number 665.6(075.8)
100 ## - MAIN ENTRY--PERSONAL NAME
Personal name Арешидзе,Х.И.
245 ## - TITLE STATEMENT
Title Исследования в области химии нефти=გამოკვლევები ნავთბის ქიმიაში.
245 ## - TITLE STATEMENT
Remainder of title Учебник.
245 ## - TITLE STATEMENT
Statement of responsibility, etc. отв. ред. Т.Г.Андроникашвили.
260 ## - PUBLICATION, DISTRIBUTION, ETC.
Place of publication, distribution, etc. Тб.
260 ## - PUBLICATION, DISTRIBUTION, ETC.
Name of publisher, distributor, etc. Мецниереба.
260 ## - PUBLICATION, DISTRIBUTION, ETC.
Date of publication, distribution, etc. 1980.
300 ## - PHYSICAL DESCRIPTION
Extent 234стр. 22см. библиогр.:стр.231-232.
653 ## - INDEX TERM--UNCONTROLLED
Uncontrolled term Исследования в области химии нефти.
653 ## - INDEX TERM--UNCONTROLLED
Uncontrolled term ქიმია
942 ## - ADDED ENTRY ELEMENTS (KOHA)
Koha item type წიგნი
ეგზემპლარები
Withdrawn status Lost status Damaged status Not for loan Date acquired Barcode Date last seen Price effective from Koha item type Public note
        2018-12-17 9876 2018-12-17 2018-12-17 წიგნი დარბაზი